[Event "Sautron op 17th"]
[Site "Sautron"]
[Date "2017.10.24"]
[Round "5.7"]
[White "Mercier, Jean Loup"]
[Black "Shirazi, Kamran"]
[Result "0-1"]
[WhiteElo "1699"]
[BlackElo "2345"]
[PlyCount "36"]
[EventDate "2017.10.22"]
[EventType "swiss"]
[EventRounds "9"]
[EventCountry "FRA"]
[SourceTitle "CBM 181 Extra"]
[Source "ChessBase"]
[SourceDate "2017.12.12"]
[SourceVersion "1"]
[SourceVersionDate "2017.12.12"]
[SourceQuality "1"]

1. b3 e5 2. Bb2 Nc6 3. Nf3 e4 4. Ne5 Qf6 5. Nc4 Qe6 6. d4 d5 7. Ne3 Nce7 8. c4 c6 9. g3 f5 10. Bh3 Qh6 11. Bg2 f4 12. gxf4 Nf6 13. Nc3 Be6 14. f5 Bxf5 15. cxd5 cxd5 16. Nxf5 Nxf5 17. Qd2 e3 18. fxe3 Nxe3 0-1

[Event "Rohde op 10th"]
[Site "Sautron"]
[Date "2010.10.23"]
[Round "1"]
[White "Lefevre, Bernard"]
[Black "Mercier, Jean Loup"]
[Result "1/2-1/2"]
[WhiteElo "1762"]
[BlackElo "1894"]
[PlyCount "56"]
[EventDate "2010.10.23"]
[EventType "swiss"]
[EventRounds "9"]
[EventCountry "FRA"]
[SourceTitle "EXT 2012"]
[Source "ChessBase"]
[SourceDate "2011.11.24"]
[SourceVersion "1"]
[SourceVersionDate "2011.11.24"]
[SourceQuality "1"]

1. d4 d5 2. c4 dxc4 3. Nf3 Nf6 4. e3 e6 5. Bxc4 a6 6. 0-0 c5 7. dxc5 Bxc5 8. Qxd8+ Kxd8 9. Nc3 Nc6 10. Bd2 b5 11. Be2 Bb7 12. a3 Ke7 13. Rac1 Bb6 14. Na2 Rhd8 15. Rfd1 Ke8 16. Bc3 Na5 17. Bd4 Bxd4 18. Nxd4 Rac8 19. Nc3 Nc4 20. Bxc4 Rxc4 21. b3 Rc5 22. Nce2 Rdc8 23. Rxc5 Rxc5 24. Rc1 Rg5 25. g3 Kd7 26. h4 Rd5 27. b4 Ne4 28. f3 Nd2 1/2-1/2

[Event "Guingamp op 14th"]
[Site "Guingamp"]
[Date "2010.02.20"]
[Round "2"]
[White "Mercier, Jean Loup"]
[Black "Stephan, Victor"]
[Result "0-1"]
[WhiteElo "1870"]
[BlackElo "2242"]
[PlyCount "76"]
[EventDate "2010.02.19"]
[EventType "swiss"]
[EventRounds "9"]
[EventCountry "FRA"]
[SourceTitle "CBM 135 Extra"]
[Source "ChessBase"]
[SourceDate "2010.05.04"]
[SourceVersion "1"]
[SourceVersionDate "2010.05.04"]
[SourceQuality "1"]

1. b3 e5 2. Bb2 d6 3. e3 Nd7 4. Nf3 Ngf6 5. Be2 Be7 6. c4 c6 7. Qc2 0-0 8. 0-0 b6 9. Nc3 Re8 10. d4 Bf8 11. dxe5 dxe5 12. Rad1 Qc7 13. Bd3 Nc5 14. Ne4 Ncxe4 15. Bxe4 Bg4 16. Bf5 e4 17. Bxg4 Nxg4 18. h3 exf3 19. hxg4 fxg2 20. Kxg2 Re6 21. Rh1 Rg6 22. Qf5 Rd8 23. Kf3 h6 24. Ke2 Rg5 25. Qe4 Rxd1 26. Rxd1 Qc8 27. Kf3 h5 28. gxh5 Qh3+ 29. Ke2 Qxh5+ 30. Qf3 Qg6 31. Rd2 Qb1 32. Qxc6 Rg1 33. Qd5 Qf1+ 34. Kf3 Rh1 35. Qg5 Rh3+ 36. Ke4 Qb1+ 37. Kf4 Qh1 38. Bf6 Qf3+ 0-1

[Event "Rohde op 09th"]
[Site "Sautron"]
[Date "2009.10.28"]
[Round "6"]
[White "Mercier, Jean Loup"]
[Black "Crouan, Stephane"]
[Result "0-1"]
[WhiteElo "1870"]
[BlackElo "2245"]
[PlyCount "90"]
[EventDate "2009.10.24"]
[EventType "swiss"]
[EventRounds "9"]
[EventCountry "FRA"]
[SourceTitle "EXT 2010"]
[Source "ChessBase"]
[SourceDate "2010.11.25"]
[SourceVersion "1"]
[SourceVersionDate "2010.11.25"]
[SourceQuality "1"]

1. b3 e5 2. Bb2 Nc6 3. e3 d5 4. Nf3 Bd6 5. Bb5 Qe7 6. c4 a6 7. Bxc6+ bxc6 8. c5 Bxc5 9. Nxe5 Bb7 10. d4 Bb4+ 11. Nd2 Qg5 12. 0-0 Ne7 13. Ndf3 Qh6 14. Rc1 f6 15. Nd3 Bd6 16. Bc3 0-0 17. Bb4 Bc8 18. Bxd6 cxd6 19. b4 Bg4 20. h3 Bh5 21. Nf4 Bf7 22. Ne2 g5 23. a4 Be6 24. Nc3 Kh8 25. Nh2 Qg6 26. b5 c5 27. dxc5 dxc5 28. Ne2 Rfc8 29. b6 Rab8 30. a5 Qe4 31. Ng3 Qb4 32. Ra1 Rd8 33. Qf3 Ng8 34. Rfb1 Qc3 35. Qe2 d4 36. exd4 Bc4 37. Qf3 Qxd4 38. Ng4 Bd3 39. Nf5 Qf4 40. Nfh6 Qxf3 41. gxf3 Nxh6 42. Nxh6 Kg7 43. Ng4 Bxb1 44. Rxb1 c4 45. Rc1 Rdc8 0-1

[Event "Rennes op 2nd"]
[Site "Rennes"]
[Date "2009.07.23"]
[Round "9"]
[White "Doucin, Paul"]
[Black "Mercier, Jean Loup"]
[Result "1-0"]
[WhiteElo "1705"]
[BlackElo "1875"]
[PlyCount "63"]
[EventDate "2009.07.15"]
[EventType "swiss"]
[EventRounds "9"]
[EventCountry "FRA"]
[SourceTitle "EXT 2011"]
[Source "ChessBase"]
[SourceDate "2010.11.26"]
[SourceVersion "1"]
[SourceVersionDate "2010.11.26"]
[SourceQuality "1"]

1. e4 c5 2. Nf3 d6 3. d4 cxd4 4. Nxd4 Nf6 5. Nc3 a6 6. Bc4 e6 7. f4 Qc7 8. Bb3 Nbd7 9. f5 e5 10. Nf3 b5 11. Ng5 Nc5 12. Bxf7+ Ke7 13. Bd5 Bb7 14. Be3 Rb8 15. 0-0 h6 16. Ne6 Nxe6 17. Bxe6 Nxe4 18. Nxe4 Bxe4 19. Qh5 Kd8 20. Qh4+ Be7 21. Qxe4 Rf8 22. c4 bxc4 23. Rac1 Bf6 24. Rxc4 Qa5 25. Qc2 Qb5 26. Rc1 Ke8 27. Rc8+ Rxc8 28. Qxc8+ Bd8 29. Qc6+ Qxc6 30. Rxc6 Ke7 31. Rxa6 g6 32. Bxh6 1-0

[Event "Rennes op 2nd"]
[Site "Rennes"]
[Date "2009.07.22"]
[Round "8"]
[White "Mercier, Jean Loup"]
[Black "Fomichenko, Svetlana"]
[Result "0-1"]
[WhiteElo "1875"]
[BlackElo "2245"]
[PlyCount "40"]
[EventDate "2009.07.15"]
[EventType "swiss"]
[EventRounds "9"]
[EventCountry "FRA"]
[SourceTitle "EXT 2011"]
[Source "ChessBase"]
[SourceDate "2010.11.26"]
[SourceVersion "1"]
[SourceVersionDate "2010.11.26"]
[SourceQuality "1"]

1. b3 e5 2. Bb2 Nc6 3. e3 Nf6 4. Nf3 e4 5. Ne5 Nxe5 6. Bxe5 d6 7. Bb2 Be7 8. c4 0-0 9. d3 Bf5 10. Be2 d5 11. cxd5 Bb4+ 12. Bc3 Nxd5 13. Bxb4 Nxb4 14. d4 Qg5 15. g3 Bh3 16. Qd2 c5 17. dxc5 Qxc5 18. Nc3 Rfd8 19. Qb2 Rac8 20. Bc4 Qxc4 0-1

[Event "Gorges op 19th"]
[Site "Gorges"]
[Date "2009.07.10"]
[Round "7"]
[White "Templier, Benoit"]
[Black "Mercier, Jean Loup"]
[Result "0-1"]
[WhiteElo "1733"]
[BlackElo "1875"]
[PlyCount "72"]
[EventDate "2009.07.??"]
[EventType "swiss"]
[EventRounds "7"]
[EventCountry "FRA"]
[SourceTitle "EXT 2011"]
[Source "ChessBase"]
[SourceDate "2010.11.26"]
[SourceVersion "1"]
[SourceVersionDate "2010.11.26"]
[SourceQuality "1"]

1. c4 e5 2. Nc3 Nc6 3. Nf3 d6 4. d4 Nf6 5. dxe5 Nxe5 6. Nxe5 dxe5 7. Qxd8+ Kxd8 8. Bg5 c6 9. 0-0-0+ Kc7 10. f3 Be6 11. e4 Bb4 12. Kc2 Nd7 13. a3 Bxc3 14. Kxc3 f6 15. Be3 Rhd8 16. b4 a5 17. Be2 axb4+ 18. Kxb4 b6 19. Ra1 c5+ 20. Kc3 Nb8 21. Rhb1 Nc6 22. a4 Ra5 23. Rb5 Ra6 24. Rab1 Nd4 25. Bxd4 exd4+ 26. Kd2 Rd6 27. Ra1 Bd7 28. Rb2 Rxa4 29. Rxa4 Bxa4 30. Ra2 Bc6 31. Ra7+ Bb7 32. e5 fxe5 33. f4 e4 34. g4 Kb8 35. Ra1 Rh6 36. Rb1 Kc7 0-1

[Event "FRA-chT2 West 0809"]
[Site "France"]
[Date "2009.03.15"]
[Round "9.5"]
[White "Mercier, Jean Loup"]
[Black "Riazuelo, Gilles"]
[Result "1/2-1/2"]
[WhiteElo "1890"]
[BlackElo "2134"]
[PlyCount "107"]
[EventDate "2008.10.19"]
[EventType "team-tourn"]
[EventRounds "11"]
[EventCountry "FRA"]
[SourceTitle "EXT 2010"]
[Source "ChessBase"]
[SourceDate "2010.11.25"]
[SourceVersion "1"]
[SourceVersionDate "2010.11.25"]
[SourceQuality "1"]
[WhiteTeam "Nantes II"]
[BlackTeam "Le Chesnay"]
[WhiteTeamCountry "FRA"]
[BlackTeamCountry "FRA"]

1. b3 c5 2. Bb2 d6 3. Nf3 Bg4 4. e3 e6 5. Be2 Nc6 6. 0-0 Nf6 7. c4 Be7 8. d4 0-0 9. Nc3 Qc7 10. d5 exd5 11. Nxd5 Nxd5 12. Qxd5 Rae8 13. Rfd1 Nb4 14. Qd2 Bf5 15. a3 Nc6 16. Bd3 Qc8 17. Bxf5 Qxf5 18. Qd3 Qh5 19. Rd2 Rd8 20. Rad1 Qh6 21. Qe4 Rfe8 22. Rd5 Qe6 23. Qf4 Nb8 24. Nh4 Bxh4 25. Qxh4 f6 26. Qf4 Nc6 27. Rxd6 Rxd6 28. Qxd6 Qxd6 29. Rxd6 Re7 30. Bc3 Kf7 31. Kf1 Ke8 32. Ke2 Nd8 33. f4 Ne6 34. Kf3 Kf7 35. g4 b5 36. h4 Nc7 37. e4 Ne8 38. Rd3 Rb7 39. e5 Ke7 40. Ke4 g6 41. exf6+ Nxf6+ 42. Bxf6+ Kxf6 43. f5 gxf5+ 44. gxf5 Re7+ 45. Kf4 Re1 46. Rd6+ Ke7 47. Ra6 Rf1+ 48. Kg5 Rg1+ 49. Kh5 Rg3 50. Rxa7+ Kf6 51. Rxh7 Rxb3 52. Rb7 Kxf5 53. a4 Rb4 54. Kh6 1/2-1/2

[Event "FRA-chT2 West 0809"]
[Site "France"]
[Date "2008.12.14"]
[Round "4.6"]
[White "Mercier, Jean Loup"]
[Black "Chen, Tony"]
[Result "1-0"]
[WhiteElo "1890"]
[BlackElo "1790"]
[PlyCount "83"]
[EventDate "2008.10.19"]
[EventType "team-tourn"]
[EventRounds "11"]
[EventCountry "FRA"]
[SourceTitle "EXT 2010"]
[Source "ChessBase"]
[SourceDate "2010.11.25"]
[SourceVersion "1"]
[SourceVersionDate "2010.11.25"]
[SourceQuality "1"]
[WhiteTeam "Nantes II"]
[BlackTeam "Lisieux"]
[WhiteTeamCountry "FRA"]
[BlackTeamCountry "FRA"]

1. b3 e5 2. Bb2 Nc6 3. e3 Nf6 4. Nf3 d6 5. Be2 Be7 6. d4 exd4 7. Nxd4 Nxd4 8. Bxd4 c5 9. Bb2 a6 10. c4 Be6 11. Nc3 Rb8 12. 0-0 0-0 13. Qd2 d5 14. cxd5 Nxd5 15. Rfd1 Nf6 16. Qc2 Qc8 17. Ne4 Bf5 18. Bd3 Nxe4 19. Bxe4 Bg6 20. Bxg6 hxg6 21. Rd2 Qc7 22. Rad1 Rbd8 23. Qe4 Rxd2 24. Rxd2 Qa5 25. Rd1 Qxa2 26. Rb1 b5 27. g3 Bf6 28. Bxf6 gxf6 29. h4 f5 30. Qd3 Rc8 31. Rd1 c4 32. Qd7 Rf8 33. bxc4 Qxc4 34. h5 Qc8 35. Qd6 Kg7 36. hxg6 fxg6 37. Qe5+ Kg8 38. Rd6 Kh7 39. Qe7+ Kh6 40. Rd7 Rf6 41. Qh7+ Kg5 42. Qh4# 1-0

[Event "Gorges op 18th"]
[Site "Gorges"]
[Date "2008.07.??"]
[Round "4"]
[White "Dubois, Marie"]
[Black "Mercier, Jean Loup"]
[Result "0-1"]
[WhiteElo "1490"]
[BlackElo "1947"]
[PlyCount "66"]
[EventDate "2008.07.??"]
[EventType "swiss"]
[EventRounds "7"]
[EventCountry "FRA"]
[SourceTitle "CBM 125 Extra"]
[Source "ChessBase"]
[SourceDate "2008.09.01"]
[SourceVersion "1"]
[SourceVersionDate "2008.09.01"]
[SourceQuality "1"]

1. d4 d5 2. c4 dxc4 3. Nf3 Nf6 4. Nc3 e6 5. a3 c5 6. Bf4 a6 7. e3 Nd5 8. Bg3 Nxc3 9. bxc3 b5 10. Ne5 Bb7 11. Be2 Nd7 12. Bf3 Bxf3 13. Qxf3 Nxe5 14. Bxe5 Qd5 15. Qg3 cxd4 16. exd4 Qe4+ 17. Kd2 f6 18. Bc7 Kf7 19. Rhe1 Qf5 20. Re3 Rc8 21. Rf3 Qd5 22. Be5 Be7 23. Qg4 Rcd8 24. Re1 Bxa3 25. Rg3 Rdg8 26. Rf3 b4 27. Qh4 bxc3+ 28. Kc2 Ke8 29. Rfe3 Qb5 30. Kxc3 Qb3+ 31. Kd2 Qb2+ 32. Kd1 c3 33. Rd3 c2+ 0-1

[Event "Gorges op 18th"]
[Site "Gorges"]
[Date "2008.07.??"]
[Round "7"]
[White "Gayon, Benoit"]
[Black "Mercier, Jean Loup"]
[Result "1/2-1/2"]
[WhiteElo "2000"]
[BlackElo "1947"]
[PlyCount "70"]
[EventDate "2008.07.??"]
[EventType "swiss"]
[EventRounds "7"]
[EventCountry "FRA"]
[SourceTitle "CBM 125 Extra"]
[Source "ChessBase"]
[SourceDate "2008.09.01"]
[SourceVersion "1"]
[SourceVersionDate "2008.09.01"]
[SourceQuality "1"]

1. e4 c5 2. Nf3 d6 3. d4 cxd4 4. Nxd4 Nf6 5. Nc3 a6 6. Be2 e5 7. Nf3 Be7 8. 0-0 Qc7 9. Bg5 Be6 10. Re1 Nbd7 11. Nd5 Bxd5 12. exd5 Qc5 13. c4 0-0 14. Be3 Qc7 15. Nd2 h6 16. b3 Nh7 17. f4 exf4 18. Bxf4 Bf6 19. Rc1 Qc5+ 20. Kh1 Be5 21. Ne4 Qc7 22. Bxe5 Nxe5 23. c5 dxc5 24. Nxc5 Rac8 25. Bxa6 bxa6 26. d6 Qc6 27. Rxe5 Nf6 28. Rc4 Qb6 29. Na4 Qb7 30. Re7 Qb5 31. Rxc8 Rxc8 32. h3 Rd8 33. Rc7 Ne8 34. Rc5 Rxd6 35. Qf3 Qd7 1/2-1/2

[Event "Rohde op 07th"]
[Site "Sautron"]
[Date "2007.10.28"]
[Round "2"]
[White "Delorme, Alban"]
[Black "Mercier, Jean Loup"]
[Result "1-0"]
[WhiteElo "2245"]
[BlackElo "1963"]
[PlyCount "56"]
[EventDate "2007.10.27"]
[EventType "swiss"]
[EventRounds "9"]
[EventCountry "FRA"]
[SourceTitle "EXT 2008"]
[Source "ChessBase"]
[SourceDate "2007.11.25"]
[SourceVersion "1"]
[SourceVersionDate "2007.11.25"]
[SourceQuality "1"]

1. e4 c5 2. Nf3 d6 3. d4 cxd4 4. Nxd4 Nf6 5. f3 a6 6. c4 g6 7. Nc3 Bg7 8. Be3 Nc6 9. Qd2 0-0 10. Be2 Bd7 11. 0-0 Nxd4 12. Bxd4 Rb8 13. a4 Qa5 14. Rfd1 Rfe8 15. Qe3 Bc6 16. Rdb1 Qh5 17. b4 Bd7 18. Qf2 Rec8 19. Ra3 g5 20. f4 Bg4 21. Bxf6 Bxf6 22. Bxg4 Qxg4 23. Nd5 Bg7 24. Rg3 Qe6 25. Rxg5 Qxe4 26. Re1 Qxc4 27. Ne3 Qxb4 28. Nf5 Qc3 1-0

[Event "Gorges op 17th"]
[Site "Gorges"]
[Date "2007.??.??"]
[Round "6"]
[White "Mercier, Jean Loup"]
[Black "Mollard, Alain"]
[Result "0-1"]
[WhiteElo "1983"]
[BlackElo "1760"]
[PlyCount "38"]
[EventDate "2007.07.08"]
[EventType "swiss"]
[EventRounds "7"]
[EventCountry "FRA"]
[SourceTitle "CBM 119 Extra"]
[Source "ChessBase"]
[SourceDate "2007.09.04"]
[SourceVersion "1"]
[SourceVersionDate "2007.09.04"]
[SourceQuality "1"]

1. b3 d5 2. Bb2 Nf6 3. e3 c5 4. Nf3 Nc6 5. Bb5 Bd7 6. 0-0 e6 7. c4 a6 8. cxd5 exd5 9. Bd3 Be7 10. Nc3 0-0 11. Ne2 Rc8 12. Rc1 Nb4 13. Bb1 c4 14. a3 Nd3 15. Bxd3 cxd3 16. Nf4 Bf5 17. Ne5 Bd6 18. Nexd3 Rxc1 19. Qxc1 Re8 0-1

[Event "Rohde op 06th"]
[Site "Sautron"]
[Date "2006.10.30"]
[Round "3"]
[White "Mercier, Jean Loup"]
[Black "Delorme, Axel"]
[Result "0-1"]
[WhiteElo "2002"]
[BlackElo "2274"]
[PlyCount "50"]
[EventDate "2006.10.28"]
[EventType "swiss"]
[EventRounds "9"]
[EventCountry "FRA"]
[SourceTitle "EXT 2007"]
[Source "ChessBase"]
[SourceDate "2006.11.23"]
[SourceVersion "1"]
[SourceVersionDate "2006.11.23"]
[SourceQuality "1"]

1. e4 c5 2. Nc3 Nc6 3. g3 g6 4. Bg2 Bg7 5. d3 d6 6. Be3 e6 7. Qd2 Rb8 8. Nge2 Nd4 9. Nd1 b6 10. 0-0 Ne7 11. c3 Nxe2+ 12. Qxe2 Ba6 13. Qd2 0-0 14. Re1 d5 15. d4 dxe4 16. dxc5 f5 17. cxb6 axb6 18. Bf1 Bxf1 19. Kxf1 Qc7 20. Qc2 Kh8 21. Bg5 h6 22. Bf4 e5 23. Bc1 Qd7 24. Ne3 f4 25. Nc4 b5 0-1

[Event "Gorges op 15th"]
[Site "Gorges"]
[Date "2005.07.??"]
[Round "3"]
[White "Gerard, Nicolas"]
[Black "Mercier, Jean Loup"]
[Result "1-0"]
[WhiteElo "2295"]
[BlackElo "2055"]
[PlyCount "59"]
[EventDate "2005.07.??"]
[EventType "swiss"]
[EventRounds "7"]
[EventCountry "FRA"]
[SourceTitle "EXT 2006"]
[Source "ChessBase"]
[SourceDate "2005.11.24"]
[SourceVersion "1"]
[SourceVersionDate "2005.11.24"]
[SourceQuality "1"]

1. d4 d5 2. c4 dxc4 3. Nf3 Nf6 4. e3 e6 5. Bxc4 c5 6. 0-0 a6 7. e4 cxd4 8. e5 Nd5 9. Qxd4 Nc6 10. Qe4 Nce7 11. Bb3 b5 12. a4 b4 13. Nbd2 Bb7 14. a5 Qc7 15. Nc4 Ng6 16. Bd2 Be7 17. Ba4+ Kf8 18. Nd6 Bxd6 19. exd6 Qxd6 20. Rac1 Ke7 21. Rc4 Rab8 22. Qd4 e5 23. Nxe5 Nxe5 24. Re1 f6 25. f4 Rhd8 26. fxe5 fxe5 27. Rxe5+ Kf7 28. Bb3 Kf8 29. Rf5+ Ke8 30. Ba4+ 1-0

[Event "Gorges op 15th"]
[Site "Gorges"]
[Date "2005.07.??"]
[Round "2"]
[White "Mercier, Jean Loup"]
[Black "Costa, Pierre Jean"]
[Result "1-0"]
[WhiteElo "2055"]
[BlackElo "1790"]
[PlyCount "20"]
[EventDate "2005.07.??"]
[EventType "swiss"]
[EventRounds "7"]
[EventCountry "FRA"]
[SourceTitle "EXT 2006"]
[Source "ChessBase"]
[SourceDate "2005.11.24"]
[SourceVersion "1"]
[SourceVersionDate "2005.11.24"]
[SourceQuality "1"]

1. e4 c5 2. Nc3 e6 3. g3 Nc6 4. Bg2 Nf6 5. Nge2 Be7 6. 0-0 0-0 7. d4 cxd4 8. Nxd4 a6 9. Bg5 Qc7 10. Qd2 Rd8 1-0

[Event "FRA-chT3 0405"]
[Site "France"]
[Date "2005.04.03"]
[Round "9"]
[White "Duplessy, Franck"]
[Black "Mercier, Jean Loup"]
[Result "1-0"]
[WhiteElo "2080"]
[BlackElo "2051"]
[PlyCount "99"]
[EventDate "2004.10.10"]
[EventType "team"]
[EventRounds "9"]
[EventCountry "FRA"]
[SourceTitle "EXT 2007"]
[Source "ChessBase"]
[SourceDate "2006.11.23"]
[SourceVersion "1"]
[SourceVersionDate "2006.11.23"]
[SourceQuality "1"]

1. c4 e5 2. g3 Nc6 3. Bg2 g6 4. Nc3 Bg7 5. e3 d6 6. Nge2 Be6 7. b3 Nge7 8. Bb2 Qd7 9. h4 d5 10. d4 exd4 11. exd4 0-0 12. c5 Nf5 13. Na4 Rfe8 14. 0-0 Nh6 15. Qd2 Nd8 16. Nf4 c6 17. Rfe1 Bf5 18. Rxe8+ Qxe8 19. Re1 Qd7 20. Nc3 Ne6 21. Nxe6 Bxe6 22. Ne2 Bh3 23. Bxh3 Qxh3 24. Nf4 Qd7 25. h5 Nf5 26. hxg6 fxg6 27. Ng2 Re8 28. Rxe8+ Qxe8 29. g4 Nh6 30. Qf4 Qf7 31. Qxf7+ Kxf7 32. f3 Ke7 33. Kf2 Nf7 34. Ke3 Nd8 35. f4 Ne6 36. Ne1 Nxc5 37. Ba3 Ke6 38. Bxc5 b6 39. Ba3 h5 40. g5 Kf5 41. Nf3 Kg4 42. Bb4 h4 43. Be1 c5 44. dxc5 bxc5 45. Nxh4 Bd4+ 46. Kd3 Kxf4 47. Bd2+ Ke5 48. Nxg6+ Ke6 49. Nf4+ Kd6 50. Bc3 1-0